Web Design DeMYSTiFieD (Record no. 54907)
[ view plain ]
| 000 -LEADER | |
|---|---|
| fixed length control field | 00312nam a22001457a 4500 |
| 008 - FIXED-LENGTH DATA ELEMENTS--GENERAL INFORMATION | |
| fixed length control field | 190925b ||||| |||| 00| 0 eng d |
| 020 ## - INTERNATIONAL STANDARD BOOK NUMBER | |
| International Standard Book Number | 9780071748018 |
| 041 ## - LANGUAGE CODE | |
| Language code of text/sound track or separate title | eng |
| 080 ## - UNIVERSAL DECIMAL CLASSIFICATION NUMBER | |
| Universal Decimal Classification number | 004 |
| 082 ## - DEWEY DECIMAL CLASSIFICATION NUMBER | |
| Classification number | 004 |
| 100 ## - Rafti | |
| Rafti | 28 |
| 101 ## - Shkurtesa | |
| Shkurtesa | SHKI |
| 245 ## - TITLE STATEMENT | |
| Title | Web Design DeMYSTiFieD |
| Statement of responsibility, etc | Willard,W |
| 942 ## - ADDED ENTRY ELEMENTS (KOHA) | |
| Source of classification or shelving scheme | |
| Item type | Books |
| Withdrawn status | Lost status | Source of classification or shelving scheme | Damaged status | Not for loan | Permanent location | Current location | Shelving location | Date acquired | Total Checkouts | Full call number | Barcode | Date last seen | Price effective from | Koha item type |
|---|---|---|---|---|---|---|---|---|---|---|---|---|---|---|
| UBT - Gjilan | UBT - Gjilan | Koleksioni i përgjithshem | 09/25/2019 | 004 WILL | 002-3020332 | 09/25/2019 | 09/25/2019 | Books | ||||||
| UBT - Gjilan | UBT - Gjilan | Koleksioni i përgjithshem | 09/25/2019 | 004 WILL | 002-3020331 | 09/25/2019 | 09/25/2019 | Books | ||||||
| UBT - Gjilan | UBT - Gjilan | Koleksioni i përgjithshem | 09/25/2019 | 004 WILL | 002-3020336 | 09/25/2019 | 09/25/2019 | Books | ||||||
| UBT - Gjilan | UBT - Gjilan | Koleksioni i përgjithshem | 09/25/2019 | 004 WILL | 002-3020341 | 09/25/2019 | 09/25/2019 | Books | ||||||
| UBT - Gjilan | UBT - Gjilan | Koleksioni i përgjithshem | 09/25/2019 | 004 WILL | 002-3020346 | 09/25/2019 | 09/25/2019 | Books |